| 000 | 00897nam a2200229Ii 4500 | ||
|---|---|---|---|
| 003 | JO-AjNU | ||
| 008 | 230605s9999||||xx |||||||||||||| ||und|| | ||
| 017 | _a95/1928 | ||
| 020 | _a977-225-066-7 | ||
| 040 |
_aJO-AjNU _bara _erda _cJO-AjNU |
||
| 041 | _aara | ||
| 050 | 1 | 4 | _aBP173.759.Q5798 1995 |
| 100 | 3 |
_aالقرضاوي، يوسف, _eauthor _928950 |
|
| 245 | 0 | 0 | _aبيع المرابحة للآمر بالشراء كما تجريه المصارف الإسلامية: دراسة في ضوء النصوص والقواعد الشرعية |
| 250 | _aط3 | ||
| 264 | 3 | 1 | _aالقاهرة: مكتبة وهبة، 1995 |
| 300 |
_a131ص _bيتضمن ملاحق(ص117-130) |
||
| 336 |
_atext _btxt _2rdacontent |
||
| 337 |
_aunmediated _bn _2rdamedia |
||
| 338 |
_avolume _bnc _2rdacarrier |
||
| 650 | 4 |
_aالمرابحة- البنوك الاسلامية- الاقتصاد الاسلامي _928951 |
|
| 999 |
_aA11293 _c14861 _d14861 |
||